000 01405cam a22003253a 4500
001 5767
003 PGUSA
005 20140828083124.0
008 040501s2004||||xxu|||||s|||||000 | eng d
040 _aPGUSA
_beng
042 _adc
050 4 _aE740
100 1 _aRoosevelt, Franklin D.
_q(Franklin Delano),
_d1882-1945
245 1 4 _aThe Fireside Chats of Franklin Delano Roosevelt :
_bRadio Addresses to the American People Broadcast Between 1933 and 1944
_h[electronic resource] /
_cFranklin D. Roosevelt
260 _bProject Gutenberg,
_c2004
506 _aPublic domain in the USA.
516 _aElectronic text
653 _aUnited States -- Foreign relations -- 1933-1945 -- Sources
653 _aNew Deal, 1933-1939 -- Sources
653 _aUnited States -- Economic policy -- 1933-1945 -- Sources
653 _aRoosevelt, Franklin D. (Franklin Delano), 1882-1945 -- Oratory -- Sources
653 _aUnited States -- Politics and government -- 1933-1945 -- Sources
653 _aUnited States -- Economic conditions -- 1918-1945 -- Sources
653 _aWorld War, 1939-1945 -- United States -- Sources
653 _aRoosevelt, Franklin D. (Franklin Delano), 1882-1945 -- Political and social views -- Sources
653 _aDepressions -- 1929 -- United States -- Sources
830 0 _aProject Gutenberg
_v5767
856 4 0 _uhttp://www.gutenberg.org/ebooks/5767
942 _cEB
999 _c235095
_d235095